000 00708nam a2200253Ia 4500
003 OSt
005 20220918185301.0
006 a|||||r|||| 00| 0
007 ta
008 220917b |||||||| |||| 00| 0 eng d
024 _a50,443
037 _cTextual
040 _aARTS
_cARTS
_beng
041 _2eng
_aeng
082 _aP:(R)z7, L1
100 _aRosenberg Jay F ed
245 0 _aReadings in the philosophy of language
260 _aEnglewood
_bCliffs prentice Hall
_c1971
300 _aviii,645p. illus
_ccm.
650 _aLINGUISTICS
700 _a Travis Charls ed
_968519
942 _hP:(R)z7, L1
_cTEXL
_2CC
999 _c180039
_d180039